Estudio preliminar
Saved in:
| Main Author: | |
|---|---|
| Format: | Book |
| Language: | Spanish |
| Published: |
Madrid
Librería de los Sucesores de Hernando
1910
|
| Series: | Rubén Darío Obras Escogidas
|
| Subjects: | |
| Tags: |
Add Tag
No Tags, Be the first to tag this record!
|
MARC
| LEADER | 00000nam a2200000 a 4500 | ||
|---|---|---|---|
| 001 | UCH5013 | ||
| 003 | CL-VaPUC | ||
| 008 | 090916e19100000SP |||||||||||||||||spa|d | ||
| 082 | 0 | 4 | |a Ni861.9 |b GON |2 21 |
| 100 | |a González Blanco, Andrés |e author |9 541129 | ||
| 245 | 1 | 0 | |a Estudio preliminar |
| 300 | |a v | ||
| 942 | |c BK | ||
| 945 | |d 20090916 00:00:00 |a rbrito | ||
| 260 | |a Madrid |b Librería de los Sucesores de Hernando |c 1910 | ||
| 600 | 0 | 7 | |a DARIO, RUBEN |2 CL-VaPUC |9 268402 |
| 650 | 7 | |a POESIA NICARAGUENSE |2 CL-VaPUC |9 265087 | |
| 650 | 0 | |a Historia y crítica |9 257407 | |
| 650 | 0 | |a Crítica e interpretación |9 255042 | |
| 650 | 0 | |a Crítica literaria |9 269189 | |
| 651 | 7 | |a NICARAGUA |2 CL-VaPUC |9 255394 | |
| 583 | |a last modification |c 20090916 00:00:00 |k Rodrigo Vera | ||
| 490 | 0 | |a Rubén Darío Obras Escogidas | |
| 999 | |c 336243 |d 336241 | ||
| 952 | |0 0 |1 0 |4 0 |6 NI_861_900000000000000_GON_1910 |7 0 |8 X |9 427238 |a FDOBUD |b FDOBUD |d 2019-11-22 |h v.1 |i 4596110 |o Ni861.9 GON 1910 |p 4596110 |r 2019-11-22 |w 2019-11-22 |y BK_X |k BUD | ||